000 01502nam a2200277 a 4500
001 000038719
003 DO-SdBNP
005 20260218082711.0
008 110411s2001 dr 000 0 spa d
040 _aDO-SdBNP
_bspa
_cDO-SdBNP
082 4 _a343.0427293
_bR426r 2000
_2 22
110 2 _aRepública Dominicana
_9447
240 1 0 _a[Leyes, etc.]
245 1 0 _aRecopilación impositiva :
_bCódigo tributario ley 11-92 (modificado por la ley reformas no.147-00 de diciembre del 2000 /
_cpreparado bajo la supervisión de Remberto Diaz N.
250 _a4a.ed.
260 _aSanto Domingo :
_bMetropolitana,
_c2001
300 _a577 p. ;
_c25 cm.
505 0 _tNormas generales, procedimientos y sanciones --
_tImpuesto sobre la renta --
_tImpuesto sobre transferencias de bienes industrializados y servicios --
_tImpuesto selectivo al consumo --
_t Reglamento para la aplicación de título II y III del código tributario de la República Dominicana -- De las deducciones -- Del impuesto sobre la transferencias de bienes industrializados y servicios (ITBIS).
_tNormas generales sobre cierre de establecimientos y/o suspensión de actividades.
_t
_t
590 _aInventariado, /2020VM
650 0 _aImpuesto sobre la renta
_x Ley y legislación
_zRepública Dominicana.
_914512
650 0 _aImpuestos
_zRepública Dominicana
_2LEMB
_98380
650 7 _aImpuestos
_xAdministración y procesamiento
_914513
700 1 _aDíaz Núñez, Remberto
_914514
942 _2ddc
_cLBS1
956 _aVMateo
999 _c38209
_d38209